Statistics for 25 Smartest States

Click here to take the quiz!

General Stats

  • This quiz has been taken 44 times
  • The average score is 20 of 25

Answer Stats

PlaceAnswer% Correct
13New york
95%
25California
93%
8New Hampshire
90%
4Vermont
90%
17Delaware
88%
18Maine
88%
6Virginia
88%
7Washington
88%
3Colorado
85%
14Oregon
85%
15Hawaii
83%
2Maryland
83%
9New jersey
83%
11Utah
83%
22Rhode island
80%
12Illinois
78%
1Massachusetts
78%
10Minnesota
78%
21Wisconsin
78%
5Connecticut
75%
20North dakota
75%
16Wyoming
75%
24Kansas
70%
23Nebraska
70%
19Montana
68%

Score Distribution

Percentile by Number Answered

Percent of People with Each Score

Your Score History

You have not taken this quiz